000 00758nam a2200217Ia 4500
003 GCL
008 140319s9999 xx 000 0 ara d
040 _aGCL /
_cGCL
082 0 4 _aق
_b953.08
_bى ت
100 1 _aيانج، جورج
245 1 0 _aتاريخ مصر من عهد المماليك الى نهاية حكم اسماعيل /
_cيانج، جورج
700 1 _aعلى احمد شكرى (مترجم)
260 _a[S.N] :
_bمكتبة مدبولى ،
_c1990
300 _a608 ص
490 _aصفحات من تاريخ مصر
_v0
650 0 4 _aمصر
650 0 4 _aتاريخ
650 0 4 _aدولة المماليك
650 0 4 _aمصر - تاريخ - العصر الحديث - عصر اسماعيل ( 1863-1879 م )
942 _2ddc
_cBK
999 _c53009
_d53009